000
00180nam a22000977a 4500
082
_a
823
_b
UNK/C
100
_a
UNKNOWN
245
_a
CINDERELLA
650
_a
ENGLISH STORY
942
_c
BK
999
_c
7502
_d
7502